<?xml version="1.0" encoding="UTF-8"?>
<record
    xmlns:xsi="http://www.w3.org/2001/XMLSchema-instance"
    xsi:schemaLocation="http://www.loc.gov/MARC21/slim http://www.loc.gov/standards/marcxml/schema/MARC21slim.xsd"
    xmlns="http://www.loc.gov/MARC21/slim">

  <leader>02400njm a2200433Ia 4500</leader>
  <controlfield tag="001">24577</controlfield>
  <controlfield tag="003">IT-RoPAU</controlfield>
  <controlfield tag="005">20220918181155.0</controlfield>
  <controlfield tag="008">131025s9999    xx            000 0 und d</controlfield>
  <datafield tag="040" ind1=" " ind2=" ">
    <subfield code="a">IT-RoPAU</subfield>
  </datafield>
  <datafield tag="040" ind1=" " ind2=" ">
    <subfield code="c">IT-RoPAU</subfield>
  </datafield>
  <datafield tag="041" ind1=" " ind2=" ">
    <subfield code="a">ITALIANO</subfield>
  </datafield>
  <datafield tag="999" ind1=" " ind2=" ">
    <subfield code="c">102476</subfield>
    <subfield code="d">102476</subfield>
  </datafield>
  <datafield tag="999" ind1=" " ind2=" ">
    <subfield code="b">n.d.</subfield>
  </datafield>
  <datafield tag="100" ind1=" " ind2=" ">
    <subfield code="a">AA.VV.</subfield>
    <subfield code="9">794</subfield>
  </datafield>
  <datafield tag="100" ind1=" " ind2=" ">
    <subfield code="e">Autore musica</subfield>
    <subfield code="9">10655</subfield>
  </datafield>
  <datafield tag="100" ind1=" " ind2=" ">
    <subfield code="g">Codice autore musica SPICS: 12000</subfield>
    <subfield code="9">796</subfield>
  </datafield>
  <datafield tag="245" ind1=" " ind2=" ">
    <subfield code="a">Banda d'Affori (La)</subfield>
  </datafield>
  <datafield tag="250" ind1=" " ind2=" ">
    <subfield code="a">1a ed.</subfield>
  </datafield>
  <datafield tag="260" ind1=" " ind2=" ">
    <subfield code="a">TORINO</subfield>
  </datafield>
  <datafield tag="260" ind1=" " ind2=" ">
    <subfield code="b">FONIT CETRA</subfield>
    <subfield code="c">1977 [1a Ed.:1977]</subfield>
  </datafield>
  <datafield tag="300" ind1=" " ind2=" ">
    <subfield code="a">DISCO</subfield>
  </datafield>
  <datafield tag="300" ind1=" " ind2=" ">
    <subfield code="c">34 minuti (Testo:  pag.)</subfield>
  </datafield>
  <datafield tag="500" ind1=" " ind2=" ">
    <subfield code="a">Canzoni popolari.</subfield>
  </datafield>
  <datafield tag="505" ind1=" " ind2=" ">
    <subfield code="a">Canzoni milanesi: La bella Gigogin, O mia bela Madunina - Melodie del Golfo: Funicul&#xEC; funicul&#xE0;, Santa Lucia luntana, 'A Marechiaro. Aggia perduto 'o suonno, 'A Francesca, O' Mariniellos Lucia, O sole mio - Il tamburo della Banda d'Affori (3:00) - La tripolina (4:00) - In un mercato persiano (6:00) - L'orologio matto (3:00) - Primavera a Rodi (4:00) - Supersonic Band (3:00) - Musiche da film: La strada, La dolce vita, Otto e mezzo (4:00) - Yppi Yppi (3:00)</subfield>
  </datafield>
  <datafield tag="511" ind1=" " ind2=" ">
    <subfield code="a">Corpo Musicale Gaetano Donizetti</subfield>
  </datafield>
  <datafield tag="650" ind1=" " ind2=" ">
    <subfield code="a">POPOLARE [DISCHI]</subfield>
    <subfield code="e">Codice MATERIA SPICS: 9950</subfield>
    <subfield code="9">10656</subfield>
  </datafield>
  <datafield tag="700" ind1=" " ind2=" ">
    <subfield code="a">Ravasini Nino</subfield>
    <subfield code="d">Codice autore musica SPICS: 13383</subfield>
    <subfield code="e">Autore musica</subfield>
    <subfield code="p">Il tamburo della Banda d'Affori</subfield>
    <subfield code="9">10657</subfield>
  </datafield>
  <datafield tag="700" ind1=" " ind2=" ">
    <subfield code="a">Remo N.</subfield>
    <subfield code="d">Codice autore musica SPICS: 27443</subfield>
    <subfield code="e">Autore musica</subfield>
    <subfield code="p">La tripolina</subfield>
    <subfield code="9">10658</subfield>
  </datafield>
  <datafield tag="700" ind1=" " ind2=" ">
    <subfield code="a">Ketelbey Albert</subfield>
    <subfield code="d">Codice autore musica SPICS: 8042</subfield>
    <subfield code="e">Autore musica</subfield>
    <subfield code="p">In un mercato persiano</subfield>
    <subfield code="9">10659</subfield>
  </datafield>
  <datafield tag="700" ind1=" " ind2=" ">
    <subfield code="a">Fredman</subfield>
    <subfield code="d">Codice autore musica SPICS: 27444</subfield>
    <subfield code="e">Autore musica</subfield>
    <subfield code="p">L'orologio matto</subfield>
    <subfield code="9">10660</subfield>
  </datafield>
  <datafield tag="700" ind1=" " ind2=" ">
    <subfield code="a">Deknight</subfield>
    <subfield code="d">Codice autore SPICS: 27445</subfield>
    <subfield code="e">Autore</subfield>
    <subfield code="p">L'orologio matto</subfield>
    <subfield code="9">10661</subfield>
  </datafield>
  <datafield tag="700" ind1=" " ind2=" ">
    <subfield code="a">Mayro</subfield>
    <subfield code="d">Codice autore musica SPICS: 27446</subfield>
    <subfield code="e">Autore musica</subfield>
    <subfield code="p">Primavera a Rodi</subfield>
    <subfield code="9">10662</subfield>
  </datafield>
  <datafield tag="700" ind1=" " ind2=" ">
    <subfield code="a">Bernard L.</subfield>
    <subfield code="d">Codice autore SPICS: 9284</subfield>
    <subfield code="e">Autore musica</subfield>
    <subfield code="p">Primavera a Rodi</subfield>
    <subfield code="9">10663</subfield>
  </datafield>
  <datafield tag="700" ind1=" " ind2=" ">
    <subfield code="a">Zanon</subfield>
    <subfield code="d">Codice autore musica SPICS: 27447</subfield>
    <subfield code="e">Autore musica</subfield>
    <subfield code="p">Supersonic Band - Yppi Yppi</subfield>
    <subfield code="9">10664</subfield>
  </datafield>
  <datafield tag="700" ind1=" " ind2=" ">
    <subfield code="a">Janne</subfield>
    <subfield code="d">Codice autore SPICS: 27448</subfield>
    <subfield code="e">Autore</subfield>
    <subfield code="p">Supersonic Band - Yppi Yppi</subfield>
    <subfield code="9">10665</subfield>
  </datafield>
  <datafield tag="700" ind1=" " ind2=" ">
    <subfield code="a">Vonkemp</subfield>
    <subfield code="d">Codice autore testo/musica SPICS: 27449</subfield>
    <subfield code="e">Autore musica</subfield>
    <subfield code="p">Supersonic Band - Yppi Yppi</subfield>
    <subfield code="9">10666</subfield>
  </datafield>
  <datafield tag="700" ind1=" " ind2=" ">
    <subfield code="a">Rota Nino</subfield>
    <subfield code="d">Codice autore musica SPICS: 11128</subfield>
    <subfield code="e">Autore musica</subfield>
    <subfield code="p">Musiche da film: la Strada-La dolce vita-Otto e mezzo</subfield>
    <subfield code="9">10667</subfield>
  </datafield>
  <datafield tag="942" ind1=" " ind2=" ">
    <subfield code="c">MD</subfield>
    <subfield code="2">ddc</subfield>
  </datafield>
  <datafield tag="952" ind1=" " ind2=" ">
    <subfield code="0">0</subfield>
    <subfield code="1">0</subfield>
    <subfield code="4">0</subfield>
    <subfield code="6">24577_000000000000000</subfield>
    <subfield code="7">1</subfield>
    <subfield code="a">SPICS</subfield>
    <subfield code="b">SPICS</subfield>
    <subfield code="d">2013-10-25</subfield>
    <subfield code="l">0</subfield>
    <subfield code="o">24577</subfield>
    <subfield code="r">2013-10-25 00:00:00</subfield>
    <subfield code="w">2013-10-25</subfield>
    <subfield code="y">MD</subfield>
    <subfield code="z">Progr. Ins.: 5272 / N.Vol.: 1 / Copie: 1 - Copia rara: n.d. / date import: 01.01.2014 - By Epidotti, Trombetti, Vaglietti</subfield>
  </datafield>
</record>
